Három beszélő fej Bennett-monológok Fekete Gizivel, Megyeri Zoltánnal, Pásztor Erzsivel /

Elmentve itt :
Bibliográfiai részletek
Szerzők: Hollósi Zsolt
Bennett, Alan
Dokumentumtípus: Cikk
Megjelent: 2006-04-06
Sorozat:Délmagyarország 96 No. 81
Kulcsszavak:Szeged, Színjátszás kisszínház Szeged 2005/2006, Színházi előadás próza, Beszélő fejek (színházi ea.), Szegedi Nemzeti Színház
Online Access:http://dmarchiv.bibl.u-szeged.hu/136119
LEADER 00680nab a2200169 i 4500
001 delm136119
005 20191218081147.0
008 191218s2006 hu o 0|| hun d
040 |a SZTE Délmagyarország Archívum  |b hun 
041 |a hun 
100 1 |a Hollósi Zsolt 
245 1 0 |a Három beszélő fej   |h [elektronikus dokumentum] :  |b Bennett-monológok Fekete Gizivel, Megyeri Zoltánnal, Pásztor Erzsivel /  |c  Hollósi Zsolt 
260 |c 2006-04-06 
300 |a 6 
490 0 |a Délmagyarország  |v 96 No. 81 
695 |a Szeged, Színjátszás kisszínház Szeged 2005/2006, Színházi előadás próza, Beszélő fejek (színházi ea.), Szegedi Nemzeti Színház 
700 0 1 |a Bennett, Alan  |e aut